| 000 | 00861nam a2200325 a 4500 | ||
|---|---|---|---|
| 003 | AR-BaBNM | ||
| 005 | 20251128203837.0 | ||
| 008 | 082120s2002 ||||||||||||||000 | spa|| | ||
| 040 | _cAR-BaBNM | ||
| 100 | 1 | _aGaro, Francisco J. | |
| 245 | 0 | 0 |
_aDerecho comercial _bcompraventas. 2 : compraventas marítimas |
| 260 |
_aBuenos Aires _bDepalma _c1956 |
||
| 300 | _axv, p. 605-945 | ||
| 500 | _aIndice p. vii-xv | ||
| 500 | _aIndice alfabético p. 911-918 | ||
| 500 | _aIndice general de la obra p. 919-945 | ||
| 504 | _aBibliografía p. 907-910 | ||
| 650 | 4 | _aDERECHO COMERCIAL | |
| 650 | 4 | _aDERECHO MARITIMO | |
| 650 | 4 | _aDOCUMENTOS | |
| 650 | 4 | _aTRANSPORTE MARITIMO | |
| 650 | 4 | _aCONTRATOS | |
| 650 | 4 | _aCOMERCIO | |
| 650 | 4 | _aCOMPRA | |
| 650 | 4 | _aVENTAS | |
| 650 | 4 | _aLEGISLACION | |
| 650 | 4 | _aBUQUES | |
| 942 | _cBK | ||
| 998 | _cAndrea | ||
| 999 |
_c5146 _d5146 |
||